Le temps et la mort dans la phisophie espagnole contemporaine
Kaydedildi:
| Yazar: | |
|---|---|
| Materyal Türü: | Kitap |
| Dil: | Undetermined |
| Baskı/Yayın Bilgisi: |
Toulouse, Francia
douard Privat
1968
|
| Konular: | |
| Etiketler: |
Etiketle
Etiket eklenmemiş, İlk siz ekleyin!
|
MARC
| LEADER | 00000nam a2200000Ia 4500 | ||
|---|---|---|---|
| 008 | 170316s9999 xx 000 0 und d | ||
| 090 | |a 100 H-1t | ||
| 100 | |a Hahn, Georges | ||
| 245 | |a Le temps et la mort dans la phisophie espagnole contemporaine | ||
| 260 | |a Toulouse, Francia | ||
| 260 | |b douard Privat | ||
| 260 | |c 1968 | ||
| 300 | |a 236 páginas | ||
| 650 | |a FILOSOFÍA - HISTORIA | ||
| 999 | |c 16458 |d 16458 | ||
| 040 | |a cru BVZT | ||
| 942 | |c 15 D |h 100 H-1t |2 z | ||
